| 000 | 00341nam a2200145Ia 4500 | ||
|---|---|---|---|
| 008 | 230312s9999||||xx |||||||||||||| ||und|| | ||
| 082 |
_a629.134 _bHIS-M |
||
| 100 | _aHislop;Helen.J | ||
| 245 | 0 | _aMuscle Testing | |
| 260 |
_bElsevier _aUSA _c2012 |
||
| 300 | _a473 | ||
| 546 | _aEng. | ||
| 650 |
_aPhysiotherapy _vMuscle Testing |
||
| 942 | _cBK | ||
| 999 |
_c6907 _d6907 |
||